Cities by Airport Code - North America #2 - Statistics

General Stats
  • This quiz has been taken 29 times
  • The average score is 8 of 14
Answer Stats
Code City % Correct
MIA Miami
100%
LAS Las Vegas
88%
DFW Dallas
85%
MEM Memphis
85%
ANC Anchorage
81%
DTW Detroit
65%
FLL Fort Lauderdale
62%
MSP Minneapolis
62%
PDX Portland
54%
MSY New Orleans
42%
MCI Kansas
23%
BZE Belmopan
15%
SDQ Santo Domingo
12%
ECP Panama City
8%
No matching quizzes found
Score Distribution
Percent of People with Each Score
Percentile by Number Answered
Your Score History
You have not taken this quiz